Normal view
MARC view
- Salmon, E. H
Entry Personal Name
001 - CONTROL NUMBER
- control field: 40673
003 - CONTROL NUMBER IDENTIFIER
- control field: NUST
005 - DATE AND TIME OF LATEST TRANSACTION
- control field: 20210314131839.0
008 - FIXED-LENGTH DATA ELEMENTS
- fixed length control field: 210314|| aca||aabn | a|a d
040 ## - CATALOGING SOURCE
- Original cataloging agency: NUST
- Transcribing agency: NUST
100 ## - HEADING--PERSONAL NAME
- Personal name: Salmon, E. H
670 ## - SOURCE DATA FOUND
- Source citation: Work cat.: (NUST): Low, David Allan, 40637, Applied mechanics, 1949.
